000 01323nam0a2200301 4500
001 RU\NLR\BIBL_A\022546006
005 20250806205640.0
035 _a(NLR Aleph) 022546006
090 _a88366
_c88366
100 _a20250521a1945 u y0rusy50 ca
101 0 _aarm
102 _aAM
105 _ay z 000 y
181 0 _ai
_baxxe
182 0 _an
200 1 _aԱշակերտների տարիքային առանձնահատկությունները
_eմիջին դպրոցական հասակ պատանիներ II դասախոսություն
_fԻ.Դ. Լեվիտով պրոֆ.
_gՀՍՍՌ հեռակա մանկավարժական ինստիտուտ
203 _aТекст
_bвизуальный
_cнепосредственный
210 _aԵրեվան
_cհեռակա մանկավարժական ինստիտուտի հրատրակություն
_d1945
215 _a19,[1] с.
_d20
541 1 _6z01790
_aВозрастные ососбенности учащихся средний школьный возраст-подростки
_zrus
700 1 _aԼեվիտով
_bԻ.Դ.
_cպրոֆ.
_4070
790 1 _6z01541
_aЛевитов
_bИ.Д.
_cпроф.
_4070
942 _cBOOK
945 _aРоссийская национальная библиотека
980 _aNB
980 _aBV
980 _aBV